=LDR 00000nam 2200000 4500 =001 000620 =005 20250711113207 =035 ##$$a 0010-0725000488 =007 ta =008 250711################a##########0#ind## =020 ##$$a 978-623-307-031-7 =082 ##$$a 398.209 59819 =084 ##$$a 398.209 59819 MUT d =100 #$$a Mutiara =245 1#$$a Datuk Hitam dan bajak Laut /$c Mutiara =250 ##$$a Cetakan Pertama =260 ##$$a Jakarta Timur :$b Badan Pengembangan dan Pembinaan Bahasa,$c 2024 =300 ##$$a 24 hlm. : $b Ilus. ; $c 29,7 cm =650 #4$$a Cerita Rakyat - kepulauan Riau =856 ##$$a TBM As-suhada =990 ##$$a TBM03860386